000 00531nam a2200205Ia 4500
003 OSt
005 20220511105045.0
008 210210b2010 xxu||||| |||| 00| 0 eng d
020 _a8176295930
040 _aAL
_c
041 _aeng
082 _a174.4 BHAB
100 _aBHATIA (S K)
_935921
245 _aBusiness ethics and corporate governance
260 _aNew Delhi
_bDeep and Deep Publications Private Limited
_c2010
300 _axviii,468
690 _aBusiness Ethics
_935922
906 _a065387
942 _2ddc
_cBK
999 _c142514
_d142514